000 01430nam a22002777a 4500
005 20170124103049.0
010 _aA-920814
020 _c120.00
_a8121406935
035 _aA-920814
037 _bCen Lib/Ret
040 _aDPL
_bHN
082 _a
_bमहापा
100 _aमहापात्र, मनोरमा
_969986
245 _aबंद घर के किवाड़ /
_cमनोरमा महापात्र ; अनुवादक शंकरलाल पुरोहित [एवं] अजय कुमार पटनायक
246 _aBand ghar ke kivad /
_bby Manorama Mahapatra ; anuvadak Shankarlal Purohit [evam] Ajay Kumar Patnayak
260 _aनयी दिल्ली
_bनेशनल पब्लिशिंग हाउस
_c1998
270 _bनयी दिल्ली
_a2/35 अनासरी रोड, दरयागंज
_e110002
300 _axi,130पृ.
_c19सेमी (सजिल्द )
650 _aबांग्ला साहित्य
_x
_z
_945844
650 _aबांग्ला साहित्य
_v
_xकहानियां
_969987
650 _aBangla literature
_969988
650 _aBangla literature
_xstories
_969989
700 _aपुरोहित, शंकरलाल
_942466
700 _aपटनायक, अजय कुमार
_946872
942 _2ddc
_cHN
_h
_mमहापा
999 _c117085
_d117085